000 00787nam a22002057a 4500
999 _c95633
_d95633
005 20230320142715.0
010 _a1516EN07 ENG-115707
020 _a9789350125526
_c330.00
035 _aB-605206-231
035 _aEN-99239
037 _adpl
_bRPH/Ven
037 _bDBAD/PUB
082 _a000
245 _aR.Gupta's popular master guide FCI Assistant Gr.III depot recruitment exam /
260 _aNew Delhi
_bRamesh Pub. House
_c2016
270 _a12-H, New Daryaganj Road, Opp. Traffic Kotwali
_bNew Delhi
_e110002
300 _av.p.:
_c27cm(pbk)
_bill.
942 _2ddc
_cEN
_h000
_mRGU